000
00322nam a2200133Ia 4500
008
240624s9999 xx 000 0 und d
041
_a
eng
082
_a
823 HAM
100
_a
HAMILTON DENISE
245
_a
LOS ANGELS NOIR
260
_c
2007
_a
New Delhi
_b
Akashic Books
300
_a
348 : p. : cm. ; 21
365
_c
RS
_b
25
999
_c
18604
_d
18604